000 00545nam a2200181Ia 4500
003 IN-BaIIA
008 211028s9999 xx 000 0 eng d
020 _a0-471-94363-0
040 _cIIA Library
080 _a523.9
_bKIP
100 _aKippenhahn, Rudolf
_913564
245 0 _aDiscovering the secrets of the sun
_cRudolf Kippenhahn
260 _aChichester
_bJohn Wiley & Sons
_c1994
300 _axvii, 262p.
650 _aAstronomy and astrophysics thesaurus
650 _aSun
_91200
942 _cBK
999 _c11351
_d11351